An Introduction to Artificial Intelligence in Education: Bridging Human and Machine, Future Education with Intelligence (Record no. 4807)
[ view plain ]
| 005 - DATE AND TIME OF LATEST TRANSACTION | |
|---|---|
| control field | 20250624095245.0 |
| 020 ## - INTERNATIONAL STANDARD BOOK NUMBER | |
| International Standard Book Number | 978-981-16-2772-9 |
| 082 ## - DEWEY DECIMAL CLASSIFICATION NUMBER | |
| Classification number | 006.3 YU |
| 100 ## - MAIN ENTRY--PERSONAL NAME | |
| Author name | YU, S |
| 245 ## - TITLE STATEMENT | |
| Title | An Introduction to Artificial Intelligence in Education: Bridging Human and Machine, Future Education with Intelligence |
| 260 ## - PUBLICATION, DISTRIBUTION, ETC. | |
| Place of publication, distribution, etc. | China |
| Name of publisher, distributor, etc. | Springer |
| Date of publication, distribution, etc. | 2021. |
| 300 ## - PHYSICAL DESCRIPTION | |
| Extent | viii,198p.: ill.; figures |
| Other physical details | References |
| Dimensions | 23cm |
| 700 ## - ADDED ENTRY--PERSONAL NAME | |
| Other authors/Editors | Yu Lu |
| 942 ## - ADDED ENTRY ELEMENTS (KOHA) | |
| Source of classification or shelving scheme | Dewey Decimal Classification |
| Koha item type | Books |
| Date last seen | Total checkouts | Full call number | Barcode | Cost, replacement price | Price effective from | Koha item type | Lost status | Source of classification or shelving scheme | Damaged status | Not for loan | Withdrawn status | Home library | Current library | Shelving location | Date acquired | Source of acquisition | Cost, normal purchase price |
|---|---|---|---|---|---|---|---|---|---|---|---|---|---|---|---|---|---|
| 06/24/2025 | 006.3 YU | MZA0001780 | 282000.00 | 06/24/2025 | Books | Dewey Decimal Classification | CBE Mwanza | CBE Mwanza | Special Reserve Collection | 06/10/2024 | Library Budget | 94000.00 | |||||
| 06/24/2025 | 006.3 YU | MZA0001781 | 282000.00 | 06/24/2025 | Books | Dewey Decimal Classification | CBE Mwanza | CBE Mwanza | Special Reserve Collection | 06/10/2024 | Library Budget | 94000.00 |
